| 000 | 02299nam a2200325 4500 | ||
|---|---|---|---|
| 001 | 194546 | ||
| 003 | ES-MaACL | ||
| 005 | 20250711063124.0 | ||
| 007 | ta | ||
| 008 | 240506b sp ||||| |||| 00| 0 spa d | ||
| 020 | _a9798867873288 | ||
| 040 |
_bspa _cES-MaACL |
||
| 100 |
_aEstévez Payeras, José Manuel _9236198 |
||
| 245 | 1 | 1 |
_a¡Infanteria española! : _b21 relatos de combate en el frente del Este, cada soldado tiene su historia / _cJosé M. Estévez Payeras. |
| 260 |
_a[S.l.] : _b[s.n.], _c[2023] |
||
| 300 |
_a272 p. ; _c23 cm. |
||
| 336 |
_2rdacontent _atexto |
||
| 337 |
_2rdamedia _asin mediación |
||
| 338 |
_2rdacarrier _avolumen |
||
| 520 | _aUn héroe condenado por deserción, un cabo salido de un seminario, un grupo de mineros que dejan la barrena para empuñar un fusil, un prisionero de guerra en el gulag, un laureado al que se le pierde la pista…Veintiún relatos reales de soldados de Infantería encuadrados en un mismo batallón, desplegado en Rusia durante la Segunda Guerra Mundial. Cara a cara, cuerpo a cuerpo. Matar o morir. Así es la guerra de los infantes, de los que cambian y dibujan de nuevo las líneas de contacto en los mapas de operaciones. Son ellos los que, al final, ponen rostro al enemigo, sienten su aliento, hacen de la lucha algo personal mientras perciben como una bayoneta serpentea hacia el vientre propio o la culata de un fusil dibuja un arco sobre su casco. El autor de “Solo muere el olvidado” profundiza en las vidas y anhelos de algunos de sus protagonistas buscando el alma de la mejor Infantería del mundo. Sus comportamientos en combate entroncan con la mejor tradición del soldado español de todos los tiempos. | ||
| 650 | 4 |
_913254 _aGuerra mundial, 1939-1945- _vRelatos personales |
|
| 655 | 4 |
_aRelatos personales _9236197 |
|
| 852 |
_aEs-MaACL _bR.155095 _cDEPOJ _jN-9875 _hDonación: José Manuel Estévez Payeras _9202159 _gDedicatoria autógrafa del autor _xEncuadernación rústica |
||
| 903 | _aEstévez Payeras, José Manuel | ||
| 942 |
_n0 _cMONOGRAFIA |
||
| 999 |
_c194546 _d194546 |
||